|
|
|
|
| LEADER |
00000nab a2200000 a 4500 |
| 001 |
vtls000081817 |
| 003 |
SK-MaSNL |
| 005 |
20260304214010.0 |
| 008 |
111031c1980 xo 0 slo |
| 015 |
|
|
|a SNBRA19rr/mm-uuuuu
|
| 035 |
|
|
|a CL0091919
|
| 040 |
|
|
|a SNKBUCL
|b slo
|c SNKBUCL
|e AACR2
|
| 041 |
0 |
|
|a slo
|
| 044 |
|
|
|a xo
|c SK
|
| 080 |
|
|
|a 885.4-1
|2 1981
|
| 100 |
1 |
|
|a Sládkovič, Andrej,
|d 1820-1872
|4 aut
|9 17115
|
| 245 |
1 |
0 |
|a Obri a zakrpenci
|c Andrej Sládkovič
|
| 650 |
0 |
7 |
|a básne satirické
|2 snkbucl
|9 898428
|
| 655 |
|
7 |
|a články zo zborníkov
|2 snkbucl
|9 166140
|
| 655 |
|
7 |
|a články z odboru literárna veda a krásna literatúra
|2 snkbucl
|9 770045
|
| 773 |
0 |
|
|t Rudolf Chmel: Žihadlice
|d Bratislava : Slovenský spisovateľ, 1980
|
| 850 |
|
|
|a Slovenská národná knižnica v Martine
|a MTA001
|
| 852 |
|
|
|a SNK
|b KIS3GCP
|
| 958 |
|
|
|a RK
|
| 958 |
|
|
|a LX
|
| 992 |
|
|
|a RZB
|
| 999 |
|
|
|c 3138917
|d 3140847
|